Mohamed: um menino afegão (Record no. 190736)

MARC details
000 -LÍDER
campo de controle de tamanho fixo 00373 a2200169 4500
001 - NÚMERO DE CONTROLE
campo de controle 190736
020 ## - ISBN - INTERNATIONAL STANDARD BOOK NUMBER
ISBN - International Standard Book Number 85-322-4882-9
040 ## - FONTE DA CATALOGAÇÃO
Instituição que transcreveu o registro Magnum
100 ## - ENTRADA PRINCIPAL--NOME PESSOAL
Nome pessoal Vaz, Fernando
240 10 - TÍTULO UNIFORME
Título uniforme Mohamed: um menino afegão
Idioma da obra por
245 10 - TÍTULO
Título Mohamed: um menino afegão
300 ## - DESCRIÇÃO FÍSICA
Extensão 112
362 0# - DATAS DE PUBLICAÇÃO E/OU DESIGNAÇÃO SEQUENCIAL
Datas de publicação e/ou designação sequencial 2002
440 #1 - DECLARAÇÃO DE SÉRIE/ENTRADA ADICIONADA--TÍTULO
Título FTD
697 ## - ENTRADA DE ASSUNTO LOCAL--ENTIDADE COLETIVA (RLIN)
Nome corporativo ou nome da jurisdição LITERATURA INFANTO-JUVENIL
942 ## - ELEMENTOS DE ENTRADA ADICIONADOS (KOHA)
Tipo de material Koha Livros
Holdings
Situação do descarte Situação das perdas Situação física Não pode ser emprestado Biblioteca de origem Biblioteca atual Data de aquisição Total de empréstimos Número de chamada completo Código de barras Data de último acesso Data do preço efetivo Tipo de material Koha
        Magnum Magnum 08/06/2024   869.2.1106 MAG00067604 08/06/2024 08/06/2024 Livros
        Magnum Magnum 08/06/2024   869.2.1106 MAG00067605 08/06/2024 08/06/2024 Livros
        Magnum Magnum 08/06/2024   869.2.1106 MAG00067606 08/06/2024 08/06/2024 Livros